000 00756cam a22002531 4500
001 2644552
003 OSt
005 20230704121319.0
008 740606s1967 mnu b 000 0 eng
010 _a 67022017
040 _aDLC
_cDLC
_dDLC
043 _an-us---
050 0 0 _aJK723.N4
_bK7 1967
082 0 0 _a353/.004
_bKRI
100 1 _aKrislov, Samuel.
245 1 4 _aThe Negro in Federal employment;
_bthe quest for equal opportunity.
260 _aMinneapolis,
_bUniversity of Minnesota Press
_c[1967]
300 _aviii, 157 p.
_c24 cm.
504 _aBibliographical footnotes.
650 0 _aAfrican Americans
_xEmployment.
650 0 _aCivil service
_zUnited States.
906 _a7
_bcbc
_corignew
_du
_eocip
_f19
_gy-gencatlg
942 _2ddc
_cBK
999 _c3782
_d3782